| 000 | 00543 a2200193 4500 | ||
|---|---|---|---|
| 005 | 20260406113525.0 | ||
| 008 | 260403b |||||||| |||| 00| 0 eng d | ||
| 020 |
_a9789365897050 _cRs. 999.00 |
||
| 040 | _aMAIN | ||
| 082 |
_a629.892 _bA47M |
||
| 100 | _aAkhtar, Shakil | ||
| 245 | _aMastering AI and cloud robotics: Art of building intelligent cloud-based robots | ||
| 260 |
_bBPB Publications _c2025 _aNew Delhi |
||
| 300 | _axxiv, 336 | ||
| 650 | _aEngineering | ||
| 650 | _aRobotics | ||
| 650 | _aInteeligent Robots | ||
| 942 | _cBK | ||
| 999 |
_c396946 _d396946 |
||